000 00483nam a2200145Ia 4500
008 100122s9999 xx 000 0 und d
082 _b22861
_a823
100 _aबोरकर लक्ष्मीदास
245 _aखुलता कळी खुलेना
260 _bराधा रा. भुतडा
_c1975
300 _a196
630 _aखुलता कळी खुलेना
730 _aखुलता कळी खुलेना
942 _cBOOK
999 _c410528
_d410525